| 000 | 01589cam a2200385K 4500 | ||
|---|---|---|---|
| 001 | 8669638 | ||
| 003 | ARRUPE | ||
| 005 | 20160121121135.0 | ||
| 006 | m d | ||
| 007 | cr bn||||||abp | ||
| 007 | cr bn||||||ada | ||
| 008 | 101107s1894 enka o o01 0 eng d | ||
| 035 | _a(OCoLC)ocn679328060 | ||
| 035 |
_a(OCoLC)679328060 _z(OCoLC)635679257 |
||
| 040 |
_aOCLCE _beng _cOCLCE |
||
| 043 | _af-ug--- | ||
| 049 | _aZCUA | ||
| 050 | 4 |
_aSPC DT434.U2 _b.A77 |
|
| 082 | 0 | 4 |
_a916.76 _bA824c |
| 084 |
_a15.80 _2bcl |
||
| 100 | 1 |
_aAshe, Robert Pickering, _d1857-1944. _921675 |
|
| 245 | 1 | 0 |
_aChronicles of Uganda _h[electronic resource]. |
| 260 |
_aLondon, _bHodder and Stoughton, _c1894. |
||
| 300 |
_a480 p. _billus. _c22 cm. |
||
| 506 |
_3Use copy _fRestrictions unspecified _2star _5MiAaHDL |
||
| 533 |
_aElectronic reproduction. _b[S.l.] : _cHathiTrust Digital Library, _d2010. |
||
| 538 |
_aMaster and use copy. Digital master created according to Benchmark for Faithful Digital Reproductions of Monographs and Serials, Version 1. Digital Library Federation, December 2002. _uhttp://purl.oclc.org/DLF/benchrepro0212 |
||
| 583 | 1 |
_adigitized _c2010 _hHathiTrust Digital Library _lcommitted to preserve _2pda _5MiAaHDL |
|
| 583 | 1 |
_adigitized _c2010 _hHathiTrust Digital Library _lcommitted to preserve _2pda _5MiAaHDL |
|
| 583 | 1 |
_adigitized _c2010 _hHathiTrust Digital Library _lcommitted to preserve _2pda _5MiAaHDL |
|
| 650 | 0 |
_aMissions _zUganda. _921676 |
|
| 651 | 0 |
_aUganda _xHistory. _91459 |
|
| 776 | 1 |
_cOriginal _w(DLC) 52053290 _w(OCoLC)4250633 |
|
| 942 |
_2lcc _cMONOGRAPH |
||
| 999 |
_c123990 _d123990 |
||